| 000 | 01982cam a2200433 a 4500 | ||
|---|---|---|---|
| 005 | 20260322212045.0 | ||
| 008 | data | ||
| 010 | _a 2010009765 | ||
| 020 | _a9780385343794 (alk. paper) | ||
| 020 | _a0385343795 (alk. paper) | ||
| 040 |
_aDLC _cDLC _dPZU _dBTCTA _dYDXCP _dJST _dJRS _dBUR _dVP@ _dDEBSZ _dPZU |
||
| 041 | 0 | 9 | _aeng |
| 042 | _anlmcopyc | ||
| 043 | _an-us-ma | ||
| 044 | _9United States | ||
| 050 | 0 | 0 |
_aRJ43.V66 _bA3 2010 |
| 060 | 1 | 0 | _aWM 203 |
| 082 | 0 | 0 |
_aB _aB _222 |
| 099 | _aVONNEM | ||
| 100 | 1 | _aVonnegut, Mark. | |
| 245 | 1 | 0 |
_aJust like someone without mental illness only more so : _ba memoir / _cMark Vonnegut. |
| 250 | _a1st ed. | ||
| 260 |
_aNew York : _bDelacorte Press, _cc2010. |
||
| 300 |
_axviii, 203 p. : _bill., ports. ; _c22 cm. |
||
| 500 | _aThe author, Mark Vonnegut, is the son of the late author, Kurt Vonnegut. | ||
| 520 | _aMore than thirty years after the publication of his acclaimed memoir The Eden Express, Mark Vonnegut continues his remarkable story in this searingly funny, iconoclastic account of coping with mental illness, finding his calling as a pediatrician, and learning that willpower isn't nearly enough. Here is the world after Mark was released from a mental hospital to find his family forever altered. After nineteen rejections, Mark was accepted to Harvard Medical School, where he gained purpose, a life, and some control over his condition. Ultimately a tribute to the small, daily, and positive parts of a life interrupted by bipolar disorder, this is a wise, unsentimental, and inspiring book that will resonate with generations of readers.--From publisher description. | ||
| 600 | 1 | 2 | _aVonnegut, Mark. |
| 650 | 1 | 2 | _aSchizophrenia |
| 650 | 2 | 2 | _aFamous Persons |
| 650 | 2 | 2 | _aMentally Ill Persons |
| 650 | 2 | 2 | _aPediatrics |
| 651 | 2 | _aBoston | |
| 651 | 2 | _aMassachusetts | |
| 655 | 2 | _aAutobiography | |
| 992 |
_pP3 _eEF _a20110330 |
||
| 993 |
_aREG _b20110404 |
||
| 994 |
_aCDN _b20110408 |
||
| 001 | data | ||
| 999 |
_c1058 _d1058 |
||